|
|
|
|
| LEADER |
00795cam a2200229 7i4500 |
| 001 |
0000083271 |
| 005 |
20241007090000.0 |
| 020 |
|
|
|a 0875848923 (paperback)
|
| 090 |
0 |
0 |
|a HD62.5
|b .E63 1999
|
| 245 |
0 |
4 |
|a The entrepreneurial venture :
|b readings selected
|c by William A. Sahlman [and three others].
|
| 250 |
|
|
|a Second edition.
|
| 264 |
|
|
|a Boston, Massachusetts:
|b Harvard Business School Press,
|c 1999.
|
| 300 |
|
|
|a x, 609 pages:
|b illustrations;
|c 26 cm.
|
| 336 |
|
|
|a text
|2 rdacontent
|
| 337 |
|
|
|a unmediated
|2 rdamedia
|
| 338 |
|
|
|a volume
|2 rdacarrier
|
| 500 |
|
|
|a Includes index
|
| 650 |
|
0 |
|a New business enterprises
|
| 650 |
|
0 |
|a Entrepreneurship
|
| 700 |
1 |
|
|a Sahlman, William A.
|
| 997 |
|
|
|a Business & Accountancy, Faculty
|
| 999 |
|
|
|a 0000071384
|b BOK
|c OPEN SHELF
|e 1st Floor, Shah Alam
|